[Event "SVK-ch U16"]
[Site "Tatralandia"]
[Date "2024.04.08"]
[Round "5"]
[White "Malina, Marko"]
[Black "Simunek, Matej"]
[Result "1-0"]
[WhiteElo "1000"]
[BlackElo "1711"]
[PlyCount "127"]
[EventDate "2024.04.05"]
[EventType "swiss"]
[EventRounds "9"]
[EventCountry "SVK"]
[SourceTitle "CBM 219 Extra"]
[Source "ChessBase"]
[SourceDate "2024.05.31"]
[SourceVersion "1"]
[SourceVersionDate "2024.05.31"]
[SourceQuality "1"]

1. e4 e6 2. d4 d5 3. Nd2 Nf6 4. e5 Nfd7 5. Bd3 c5 6. c3 Nc6 7. Ne2 Be7 8. 0-0 0-0 9. Nf3 Qb6 10. Ng3 f6 11. exf6 Nxf6 12. Re1 Bd6 13. b3 Bd7 14. Ne5 Qc7 15. Bf4 cxd4 16. cxd4 Nxd4 17. Nxd7 Qxd7 18. Bxd6 Qxd6 19. Bxh7+ Nxh7 20. Qxd4 Rf4 21. Rxe6 Qxe6 22. Qxf4 Nf6 23. h3 Rc8 24. Qe3 Qxe3 25. fxe3 Rc2 26. Nf5 Kf8 27. Nd4 Rd2 28. Rc1 Rxa2 29. Ne6+ Kf7 30. Nd8+ Ke7 31. Nxb7 g5 32. Rc7+ Ke6 33. g3 Ne4 34. h4 gxh4 35. gxh4 Nf6 36. Rg7 Ke5 37. h5 Re2 38. Re7+ Kf5 39. h6 Ng4 40. h7 Rh2 41. Rg7 Rh4 42. Nd6+ Kf6 43. Rg8 Rxh7 44. Rxg4 Ke5 45. Rg6 Rd7 46. Ne8 Rd8 47. Ng7 d4 48. exd4+ Rxd4 49. Re6+ Kd5 50. Re7 Rb4 51. Rxa7 Rxb3 52. Kf2 Kc6 53. Ra4 Kd7 54. Ra6 Ke7 55. Nf5+ Kf7 56. Ne3 Ke7 57. Kf3 Kf7 58. Ke4 Rb4+ 59. Ke5 Rb5+ 60. Nd5 Rb1 61. Kf5 Rf1+ 62. Nf4 Ke7 63. Rb6 Kd7 64. Rf6 1-0

[Event "SVK-ch U12"]
[Site "Lubovna"]
[Date "2020.08.17"]
[Round "4"]
[White "Simunek, Matej"]
[Black "Jura, Michal"]
[Result "0-1"]
[WhiteElo "1275"]
[BlackElo "1317"]
[PlyCount "110"]
[EventDate "2020.08.15"]
[EventType "swiss"]
[EventRounds "9"]
[EventCountry "SVK"]
[SourceTitle "EXT 2021"]
[Source "ChessBase"]
[SourceDate "2020.10.23"]
[SourceVersion "1"]
[SourceVersionDate "2020.10.23"]
[SourceQuality "1"]

1. d4 d5 2. c4 c6 3. Nf3 Nf6 4. Nc3 Bf5 5. Bf4 e6 6. e3 Bb4 7. Rc1 Ne4 8. Bd3 dxc4 9. Bxe4 Bxe4 10. 0-0 Bd3 11. Re1 0-0 12. Ne5 Bf5 13. e4 Bg6 14. h4 Qxh4 15. Bg3 Qd8 16. Qa4 Bxc3 17. bxc3 b5 18. Qd1 Qc8 19. d5 Rd8 20. Nxg6 hxg6 21. d6 f6 22. f4 Qd7 23. e5 Na6 24. Bf2 Qe8 25. a4 Nc7 26. Bh4 Nd5 27. Qd4 Qf7 28. g4 Rac8 29. axb5 cxb5 30. f5 gxf5 31. gxf5 exf5 32. e6 Qg6+ 33. Kh2 Rxd6 34. e7 Re8 35. Qc5 Rd7 36. Rcd1 Rdxe7 37. Qxd5+ Kh8 38. Rxe7 Rxe7 39. Rg1 Re2+ 40. Kh1 Qh5 41. Qd8+ Kh7 42. Rxg7+ Kxg7 43. Qxf6+ Kh7 44. Qg5 Qf3+ 45. Kg1 Qg4+ 46. Qxg4 fxg4 47. Bf2 Rxf2 48. Kxf2 a5 49. Kg3 a4 50. Kxg4 a3 51. Kf4 a2 52. Ke4 a1Q 53. Kd4 Qd1+ 54. Kc5 Qh5+ 55. Kb4 Kg6 0-1

[Event "SVK-ch U10"]
[Site "Liptovsky Mikulas"]
[Date "2019.04.28"]
[Round "7"]
[White "Kluska, Lukas"]
[Black "Simunek, Matej"]
[Result "1/2-1/2"]
[WhiteElo "1000"]
[BlackElo "1000"]
[PlyCount "33"]
[EventDate "2019.04.23"]
[EventType "swiss"]
[EventRounds "9"]
[EventCountry "SVK"]
[SourceTitle "CBM 190 Extra"]
[Source "ChessBase"]
[SourceDate "2019.07.15"]
[SourceVersion "1"]
[SourceVersionDate "2019.07.15"]
[SourceQuality "1"]

1. e4 e5 2. Nf3 Nc6 3. d4 f6 4. b3 d5 5. exd5 Qxd5 6. Bb2 Bg4 7. Bc4 Qd6 8. Ba3 Qxd4 9. Qxd4 Nxd4 10. Nxd4 Bxa3 11. Nb5 Bb2 12. Nxc7+ Kd8 13. Nxa8 Bxa1 14. 0-0 Kc8 15. Na3 Bc3 16. Nb5 Kb8 17. Nxc3 1/2-1/2

[Event "SVK-ch U10"]
[Site "Liptovsky Mikulas"]
[Date "2019.04.27"]
[Round "6"]
[White "Simunek, Matej"]
[Black "Kalata, Martin"]
[Result "1-0"]
[WhiteElo "1000"]
[BlackElo "1000"]
[PlyCount "23"]
[EventDate "2019.04.23"]
[EventType "swiss"]
[EventRounds "9"]
[EventCountry "SVK"]
[SourceTitle "CBM 190 Extra"]
[Source "ChessBase"]
[SourceDate "2019.07.15"]
[SourceVersion "1"]
[SourceVersionDate "2019.07.15"]
[SourceQuality "1"]

1. e4 e5 2. Nf3 Nc6 3. Nc3 Nf6 4. Bc4 Bb4 5. a3 Bxc3 6. dxc3 Nxe4 7. Qe2 Nf6 8. Nxe5 Na5 9. b4 Nxc4 10. Nc6+ Kf8 11. Nxd8 Nd6 12. 0-0 1-0